00490nam a2200157 i 450000100060000000300090000600500170001500700030003200800410003510000290007624500940010526000430019930000210024270000370026385200320030085384ES-MaACL20240125063135.0t|041126s1970 sp ||||1| spa d1 aJoyce, James,d1882-194110aPoemas b: = Manzanas / cJames Joyce ; traducción y prólogo, José Martín Triana. a[Madrid : bAlberto Corazón, c1970] a66 p. ; c20 cm.1 aMartín Triana, José María. aES-MaACLjC-39866 bR.75378